| 000 | 00466nam a2200193Ia 4500 | ||
|---|---|---|---|
| 003 | OSt | ||
| 005 | 20140321090250.0 | ||
| 008 | 140130s9999 xx 000 0 und d | ||
| 050 |
_aPZ 7 _b.L666 2004 |
||
| 100 | _aLeviton, Michael | ||
| 245 |
_cMichael Leviton _aBack From The Dead / |
||
| 260 |
_bScholastic, _c2004. _aU.S.A : |
||
| 300 |
_a16 p. : _bcol. ill. ; _c21 cm. |
||
| 440 | _v1 | ||
| 521 | _aG1 | ||
| 526 | _c210 | ||
| 942 |
_cBK _2lcc |
||
| 999 |
_c39957 _d39957 |
||